000 01188cam a22003377a 4500
003 CHAP
005 20220329141748.0
008 971013s1972 r 00010 d
010 _a73428
011 _a74400
035 _a83959
040 _cCHAP
082 _a633.15
_bA5
100 0 0 _aAlba Robayo, Vicente.
_93422
245 0 _aVocabulario de los cultivos de maíz y trigo en algunas localidades de Colombia
260 _aBogotá :
_bICA. Departamento de Ciencias Sociales,
_c(1972)
300 _a122 p.
490 0 _aICA. Departamento de Ciencias Sociales. Informe Técnico
590 _aBATCH-UPD
_b10
_c20130110
_lUCH01
_h0619
590 _aBATCH-UPD
_b10
_c20130410
_lUCH01
_h0302
590 _aBATCH-UPD
_b10
_c20130410
_lUCH01
_h1648
590 _aBATCH-UPD
_b10
_c20130914
_lUCH01
_h1628
590 _aCONVERSION
_b10
_c20130109
_lUCH01
_h1340
650 1 4 _aMaíz
_xTerminología.
_971070
650 1 4 _aTrigo
_xTerminología.
_9115109
710 0 _aInstituto Colombiano Agropecuario.
_959083
830 0 _aICA. Departamento de Ciencias Sociales. Informe Técnico
_957253
901 _aBK
942 _cLIBRO
949 _a633.15 A5
_bBC
_cC
_d33724000570701
_eC
_h28994
_i83959
_mD.
_si
999 _c73428
_d73428